Alternativas metodológicas de intervención curricular en la educación superior / (Record no. 126426)

MARC details
000 -CABECERA
campo de control de longitud fija 00827nam a2200217 a 4500
005 - FECHA Y HORA DE LA ÚLTIMA TRANSACCIÓN
campo de control 20231011063627.0
008 - ELEMENTOS DE LONGITUD FIJA--INFORMACIÓN GENERAL
campo de control de longitud fija 080219s2007 mx r 000 0 spa d
020 ## - NÚMERO INTERNACIONAL NORMALIZADO PARA LIBROS
Número Internacional Estándar del Libro 9789707225923
035 ## - NÚMERO DE CONTROL DEL SISTEMA
Número de control de sistema UPN01000154309
049 ## - COLECCIÓN
Colección CG
050 #4 - SIGNATURA TOPOGRÁFICA DE LA BIBLIOTECA DEL CONGRESO
Número de clasificación LB2361
Número de documento/Ítem A4.8
245 00 - MENCIÓN DE TÍTULO
Título Alternativas metodológicas de intervención curricular en la educación superior /
Mención de responsabilidad, etc. coord. Rita Angulo Villanueva.
260 ## - PUBLICACIÓN, DISTRIBUCIÓN, ETC.
Lugar de publicación, distribución, etc. México :
Nombre del editor, distribuidor, etc. CONACYT :
-- Plaza y Valdés,
Fecha de publicación, distribución, etc. 2007.
300 ## - DESCRIPCIÓN FÍSICA
Extensión 366 p. :
Otras características físicas figs., cuadros
440 #0 - MENCIÓN DE SERIE/ASIENTO SECUNDARIO--TÍTULO
Título Educación, debates e imaginario social.
Nombre de parte o sección de la obra Curriculum y siglo XXI
650 #4 - ASIENTO SECUNDARIO DE MATERIA - TERMINO TEMATICO
Término de materia o nombre geográfico como elemento de entrada Educación superior
Subdivisión geográfica México
Subdivisión general Planes y programas
9 (RLIN) 1547
650 #2 - ASIENTO SECUNDARIO DE MATERIA - TERMINO TEMATICO
Término de materia o nombre geográfico como elemento de entrada Desarrollo curricular
9 (RLIN) 405
650 #0 - ASIENTO SECUNDARIO DE MATERIA - TERMINO TEMATICO
Término de materia o nombre geográfico como elemento de entrada Universidades y colegios
Subdivisión de forma Planes y programas
9 (RLIN) 9046
700 1# - ASIENTO SECUNDARIO--NOMBRE DE PERSONAL
Nombre de persona Angulo Villanueva, Rita Guadalupe,
Término indicativo de función/relación coord.
905 ## - TIPO DE MATERIAL
Tipo de material Libro
Holdings
Estado de retiro Estado de pérdida Fuente del sistema de clasificación o colocación Estado dañado No para préstamo Código de colección Localización permanente Ubicación/localización actual Ubicación en estantería Total de préstamos Clasificación Código de barras Fecha visto por última vez Número de copia Tipo de ítem Koha Fecha de adquisición Fecha del último préstamo
    Library of Congress Classification     Colección General Bib. Gregorio Torres Quintero Bib. Gregorio Torres Quintero Planta baja 3 LB2361 A4.8 256370 31/12/2020 1 Libro    
    Library of Congress Classification     Colección General Bib. Gregorio Torres Quintero Bib. Gregorio Torres Quintero Planta baja 6 LB2361 A4.8 256371 31/12/2020 1 Libro    
    Library of Congress Classification     Colección General Bib. Gregorio Torres Quintero Bib. Gregorio Torres Quintero Planta baja 5 LB2361 A4.8 256369 08/11/2022 1 Libro 28/10/2022 28/10/2022
    Library of Congress Classification     Colección General Bib. Gregorio Torres Quintero Bib. Gregorio Torres Quintero Planta baja 2 LB2361 A4.8 262218 04/03/2024 1 Libro 26/02/2024 26/02/2024